Encuentro con Borges

Saved in:
Bibliografiske detaljer
Main Authors: Irby, James (Author), Murat, Napoleón (Author), Peralta, Carlos (Author)
Format: Bog
Sprog:spansk
Udgivet: Buenos Aires Galerna 1968
Udgivelse:1a. ed
Serier:Colección Testimonios
Fag:
Tags: Tilføj Tag
Ingen Tags, Vær først til at tagge denne postø!

MARC

LEADER 00000cam a2200000 a 4500
001 UCE2262
003 CL-VaPUC
008 140619e19680000ag |||||||||||||||||spa|d
082 0 4 |a 809  |b IRB  |2 21 
100 0 |a Irby, James  |e author  |9 574729 
700 0 |a Murat, Napoleón  |e author  |9 574730 
700 0 |a Peralta, Carlos  |e author  |9 574731 
245 1 0 |a Encuentro con Borges 
250 |a 1a. ed 
300 |a 112 p 
942 |c BK 
945 |d 20140619 13:53:00  |a dcastane 
260 |a Buenos Aires  |b Galerna  |c 1968 
600 0 |a Borges, Jorge Luis  |e autor  |9 322093 
650 7 |a ENSAYOS LITERARIOS  |2 CL-VaPUC  |9 346201 
650 0 |a Crítica literaria   |9 269189 
583 |a last modification  |c 20140619 13:53:00  |k Rodrigo Vera 
490 0 |a Colección Testimonios 
999 |c 355911  |d 355909 
952 |0 0  |1 0  |3 erb  |4 0  |6 809_000000000000000_IRB_1968  |7 0  |8 A  |9 462854  |a BIBEDU  |b BIBEDU  |i 5047838  |o 809 IRB 1968  |p 5047838  |r 2019-11-23  |w 2019-11-23  |y BK  |z Catalogado en:20140619  |k LIT